| 000 | 00984cab a2200361 4500 | ||
|---|---|---|---|
| 001 | ABS48189 | ||
| 008 | 090401t1993 xxu||||| |||| 00| 0 eng d | ||
| 035 | _a(Sirsi) u65395 | ||
| 041 | _aeng | ||
| 245 | _aGreater Manchester | ||
| 260 | _c1993 | ||
| 350 | _a0 | ||
| 490 |
_aEstates Gazette _v(9310) 13 March 1993, 55-105(17) |
||
| 650 | _aALTRINCHAM | ||
| 650 | _aESTATES GAZETTE/APR REGIONAL OCCUPIER RESEARCH | ||
| 650 | _aGREENFIELD SITES | ||
| 650 | _aINDUSTRIAL | ||
| 650 | _aLEISURE | ||
| 650 | _aMANCHESTER AIRPORT | ||
| 650 | _aOCCUPIERS | ||
| 650 | _aPROPERTY-COMMERCIAL PROPERTY-OFFICE PROPERTY-OFFICE PROPERTY MARKET | ||
| 650 | _aOLYMPIC GAMES 2000 | ||
| 650 | _aRATING REVALUATION | ||
| 650 | _aRENTS | ||
| 650 | _aRETAIL | ||
| 650 | _aSALFORD QUAYS | ||
| 650 | _aSTOCKPORT | ||
| 650 | _aTRAFFORD CENTRE | ||
| 650 | _aWILMSLOW | ||
| 690 | _aPROPERTY-COMMERCIAL PROPERTY-COMMERCIAL PROPERTY MARKET | ||
| 942 | _n0 | ||
| 948 | _c04/03/1997 | ||
| 999 |
_c40777 _d40777 |
||